000 00726nam a2200289Ia 4500
005 20260324121223.0
008 008 260324s9999 xx 000 0 eng d
020 _a9781315769028
037 _aEBOOK
040 _aCRL
040 _beng
040 _cCRL
041 _2eng
041 _aeng
084 _qCRL
100 _aMichael Shattock
_91161665
245 0 _aInternational Trends in University Governance
245 0 _bAutonomy, self-government and the distribution of authority
260 _bTaylor and Francis
260 _c2014
365 _a
365 _b290
856 _uhttp://www.taylorfrancis.com/books/9781315769028
942 _cEBOOK
999 _c1753625
_d1753625